MARC

LEADER 00000nam0a2200000 4500
001 22602
005 20231030194801.0
010 |a 9856516196 
035 |a (RuTPU)RU\TPU\book\22815 
035 |a BOOK00022887 
090 |a 22602 
100 |a 20011209d2000 m y0rusy50 ca 
101 0 |a rus 
102 |a BY 
105 |a y j 000zy 
200 1 |a Планирование на предприятии  |h Ч. 2  |i Тактическое планирование  |e В 2-х ч.  |f А. И. Ильин, Л. М. Синица 
210 |a Минск  |c Новое знание  |d 2000 
215 |a 416 с. 
225 1 |a Экономическое образование 
610 1 |a экономика 
610 1 |a предприятия 
610 1 |a планирование 
610 1 |a стратегическое планирование 
610 1 |a фирмы 
610 1 |a внутрифирменное планирование 
610 1 |a учебные пособия 
686 |a У9(2)29-2я73  |v LBC/SL-A  |2 rubbk 
700 1 |a Ильин  |b А. И.  |g Анатолий Игнатьевич 
701 1 |a Синица  |b Л. М.  |g Любовь Макаровна 
801 0 |a RU  |b 63413507  |c 20011209  |g PSBO 
801 2 |a RU  |b 63413507  |c 20120131  |g PSBO 
942 |c BK